| 000 | 00404nam a2200157Ia 4500 | ||
|---|---|---|---|
| 008 | 221030s9999 xx 000 0 und d | ||
| 041 | _aEnglish | ||
| 082 | _a105.23 | ||
| 100 | _aA. Chakrabarti | ||
| 245 | 2 |
_aA Textbook on Power System Engineering _cby A. Chakrabarti, M. L. Soni |
|
| 260 |
_bDhanpat Rai Pub _aDelhi _c2006 |
||
| 300 | _a1015 | ||
| 650 | _aBB EE | ||
| 700 | _aM. L. Soni | ||
| 942 | _cBK | ||
| 999 |
_c4084 _d4084 |
||